| 000 | 00000nas 2200000za 4500 |
| 001 | 9.814220 |
| 003 | CaOODSP |
| 005 | 20221107141729 |
| 007 | cr ||||||||||| |
| 008 | 160404d19231969oncux p o||||f0 b0fre|d |
| 040 | |aCaOODSP|bfre |
| 041 | |aeng|afre |
| 043 | |an-cn--- |
| 086 | 1 |aJU1-1-1F-PDF |
| 110 | 1 |aCanada. |bCour suprême. |
| 245 | 10|aCanada law reports |h[ressource électronique] : |bSupreme Court of Canada. |
| 246 | 11|aRapports judiciaires du Canada : |bCour suprême du Canada|f1963-1969 |
| 260 | |aOttawa : |bF.C. Acland, printer to the King, |c1923-1969. |
| 310 | |aIrrégulier |
| 362 | 0 |a1923-1969. |
| 500 | |aÉdition numérisée de l'imprimé [par la Cour suprême du Canada]. |
| 546 | |aTexte en anglais et français. |
| 691 | 07|aDécision du tribunal|2gcpds |
| 780 | 00|tReports of the Supreme Court of Canada |w(CaOODSP)9.814254 |
| 785 | 00|tCanada Supreme Court reports |w(CaOODSP)9.500746 |
| 791 | |tCanada law reports |eeng|w(CaOODSP)9.814239 |